000 00493nam a2200157 a 4500
001 000031987
005 20240228134240.0
008 110707s1976 dr 000 | spa d
040 _aDO-SdBNP
_bspa
_cBNPHU
082 _axxx
_bC744p
100 1 _aConcepción, Mario
_92178
245 1 3 _aEl periodismo en la Vega :
_bcharla ofrecida en el Club rotario de la Vega /
_cMario Concepción.
260 _aLa Vega, República Dominicana :
_b[s.n.],
_c1976.
300 _a6 p. ;
_c13 cm.
049 _aBNPD
999 _c31478
_d31478